LEADER 01333nam 2200349 n 450 001 996385742003316 005 20221108081312.0 035 $a(CKB)1000000000603971 035 $a(EEBO)2240951901 035 $a(UnM)99836358 035 $a(EXLCZ)991000000000603971 100 $a19900905d1600 uy | 101 0 $aeng 135 $aurbn||||a|bb| 200 03$aAn exposition vpon the prophet Ionah$b[electronic resource] $eContained in certaine sermons, preached in S. Maries church in Oxford. By George Abbot professor of diuinitie, and maister of Vniuersitie Colledge 210 $aLondon $cImprinted by Richard Field, and are to be sold by Richard Garbrand [, Oxford]$d1600 215 $a[8], 638, [2] p 300 $aA variant of the edition with "Richard Garbrand" in the imprint. 300 $aThe first leaf and last leaf are blank. 300 $aReproduction of the original in the University of Illinois (Urbana-Champaign Campus). Library. 330 $aeebo-0113 606 $aSermons, English$y16th century 615 0$aSermons, English 700 $aAbbot$b George$f1562-1633.$01002222 801 0$bCu-RivES 801 1$bCu-RivES 801 2$bCStRLIN 801 2$bWaOLN 906 $aBOOK 912 $a996385742003316 996 $aAn exposition vpon the prophet Ionah$92311169 997 $aUNISA